000 00685nam a22002291c 4500
001 a987689465
008 180521s2016 gw |||| 000u ger d
020 _a9783205203063
_9978-3-205-20306-3
041 _ager
245 0 0 _aHabsburg neu denken :
_bVielfalt und Ambivalenz in Zentraleuropa ; 30 kulturwissenschaftliche Stichworte
264 _aWien; Köln; Weimar :
_bBöhlau,
_c2016
300 _a261 Seiten
650 0 _aKultur
650 0 _aKulturerbe
651 0 _aÖsterreich
651 0 _aÖsterreich-Ungarn
700 1 _aFeichtinger, Johannes
_eHerausgeberIn
700 1 _aUhl, Heidemarie
_eHerausgeberIn
942 _cMG
040 _cRU-10907106
003 RU-10907106
999 _c11392
_d11392